00767 2200205 4500001002100000005001500021035002000036007000300056008004100059020002200100082000800122084001400130245022800144250000600372260004400378300004700422110002400469600003500493600003300528INLIS00000000000459520260504110535 a0010-0526000009ta260504 g 0 ind  a978-979-061-228-0 a332 a332 BAP b1 aBerjuang Bersama Memacu Pertumbuhan Ekonomi yang Berkeadilan dan Berkelanjutan :bLaporan Kinerja Tahun KetigaRPJMD Kalimantan Timur 2009-2013 Desembser 2008-Desember 2011 /cMudrajad Kuncoro; Riski Raisa Putra (Penyunting) a- aSamarinda :bBappeda Kaltim Prov,c2011 axx; 204 Hal :bTeks; Tabel; Grafik ;c24cm0 aBappeda Kaltim Prov 4aEkonomi Keuangan dan Finansial 4aEkonomi Biaya dan Pembiayaan